| 000 | 00720nam a2200265Ia 4500 | ||
|---|---|---|---|
| 003 | OSt | ||
| 005 | 20221005092117.0 | ||
| 006 | a|||||r|||| 00| 0 | ||
| 007 | ta | ||
| 008 | 221004b |||||||| |||| 00| 0 eng d | ||
| 020 | _a041592555x | ||
| 024 | _a33701 | ||
| 037 | _cTextual | ||
| 040 |
_aCRL _cCRL _beng |
||
| 041 |
_2eng _aeng |
||
| 082 | _aYN9, P0 | ||
| 100 |
_aHolzman Lois Ed _9616895 |
||
| 245 | 0 | _aPostmodern psychologies societal practice and political life | |
| 260 |
_aNew York _bRoutledge _c2000 |
||
| 300 |
_a216p. _ccm. |
||
| 650 | _aSOCIOLOGY | ||
| 700 |
_a Morss John Ed _9616896 |
||
| 942 |
_hYN9, P0 _cTEXL _2cc |
||
| 999 |
_c998354 _d998354 |
||